| 000 | 01728cam a22004097a 4500 | ||
|---|---|---|---|
| 003 | CHAP | ||
| 005 | 20220817041214.0 | ||
| 008 | 971013s1992 r 00010 d | ||
| 010 | _a8649 | ||
| 011 | _a9621 | ||
| 035 | _a8856 | ||
| 040 | _cCHAP | ||
| 082 |
_a338.10972 _bG66 |
||
| 100 | 0 | 0 |
_aGonzález Pacheco, Cuauhtémoc _ecoord. _949256 |
| 245 | 1 | 3 | _aEl sector agropecuario mexicano frente al Tratado de Libre Comercio |
| 260 |
_aMéxico, D.F. : _bUNAM. Instituto de Investigaciones Económicas, _c1992 |
||
| 300 |
_a390 p. _b; gráfs |
||
| 590 |
_aBATCH-UPD _b10 _c20130110 _lUCH01 _h1343 |
||
| 590 |
_aBATCH-UPD _b10 _c20130410 _lUCH01 _h0843 |
||
| 590 |
_aBATCH-UPD _b10 _c20130914 _lUCH01 _h1822 |
||
| 590 |
_aCONVERSION _b10 _c20130109 _lUCH01 _h1306 |
||
| 650 | 0 | 4 |
_aMéxico _xComercio _zE.U.A. |
| 650 | 1 | 4 |
_aAgricultura _xAspectos economicos _zMexico. _91312 |
| 650 | 1 | 4 |
_aMéxico _xComercio _xCanadá. _976677 |
| 650 | 1 | 4 | _aTratado Trilateral de Libre Comercio. |
| 710 | 0 | _aUACH. | |
| 711 | 0 |
_aSeminario de Economía Agrícola del Tercer Mundo (11 : 1991 : México, D.F.) _9104038 |
|
| 901 | _aBK | ||
| 942 | _cLIBRO | ||
| 949 |
_a338.10972 G66 _bBC _cCONG _d-19225 _eCONG _gI.c/e _h83580 _i8856 _si _t50.00 |
||
| 949 |
_a338.10972 G66 _bBC _cLIBRO _d33724000363982 _eLIBRO _fc.5 _h87788 _i8856 _mD _si |
||
| 949 |
_a338.10972 G66 _bBC _cLIBRO _d33724000363990 _eLIBRO _fc.4 _h87787 _i8856 _mD _si |
||
| 949 |
_a338.10972 G66 _bBC _cLIBRO _d33724000364006 _eLIBRO _fc.3 _h87786 _i8856 _mD _si |
||
| 949 |
_a338.10972 G66 _bBC _cLIBRO _d33724000572046 _eLIBRO _fc.6 _h87789 _i8856 _mD _si |
||
| 949 |
_a338.10972 G66 _bBC _cLIBRO _d33724002015173 _eLIBRO _fc.2 _h87403 _i8856 _si _t50.00 |
||
| 949 |
_a338.10972 G66 _bBC _cUACH _d-81713 _eUACH _fc.7 _h87790 _i8856 _mD _si |
||
| 999 |
_c8649 _d8649 |
||